Applied and computational complex analysis /

Guardado en:
Autor Principal: Henrici, Peter, 1923-
Formato: Libro
Idioma:English
Publicado: New York : Wiley, c1974-c1986.
Series:Pure and applied mathematics
Materias:
Etiquetas: Agregar Etiqueta
Sin Etiquetas, Sea el primero en etiquetar este registro!
LEADER 01416cam a2200337 a 4500
001 MAT.inmabb002763
008 731105m19741986nyua#####b####001#0#eng##
005 20110908141314.0
245 1 0 |a Applied and computational complex analysis /  |c Peter Henrici. 
260 |a New York :  |b Wiley,  |c c1974-c1986. 
300 |a 3 v. :  |b il. ;  |c 23 cm. 
490 0 |a Pure and applied mathematics 
500 |a "A Wiley-Interscience publication." 
504 |a Incluye referencias bibliográficas. 
505 0 |a v. 1. Power series; integration; conformal mapping; location of zeros. -- v. 2. Special functions; integral transforms; asymptotics; continued fractions. -- v. 3. Discrete Fourier analysis; Cauchy integrals; construction of conformal maps; univalent functions. 
510 4 |a MR,  |c 51 #8378  |3 (v. 1) 
510 4 |a MR,  |c 56 #12235  |3 (v. 2) 
510 4 |a MR,  |c 87h:30002  |3 (v. 3) 
500 |a La biblioteca no posee el v. 3.  |5 AR-BbIMB 
020 |a 0471372447 (v. 1) 
020 |a 0471015253 (v. 2) 
020 |a 0471087033 (v. 3) 
100 1 |a Henrici, Peter,  |d 1923- 
650 0 |a Analytic functions. 
650 0 |a Functions of complex variables. 
650 0 |a Mathematical analysis. 
084 |a 30-02 (65E05 33-02 44A10 30C30 65-02 65E05)  |2 msc2000 
010 |a  73019723  
040 |a DLC  |c DLC  |d DLC 
859 |h 30  |i H518  |p A-5805  |v 1  |3 Vol. 1  |b BIB. MATEMATICA 
859 |h 30  |i H518  |p A-5223  |v 2  |3 Vol. 2  |b BIB. MATEMATICA